Statistics for Countries with the most KFC Locations

Click here to take the quiz!

General Stats

  • This quiz has been taken 199 times
  • The average score is 14 of 18

Answer Stats

#SinceCountry% Correct
4,2321952United States
98%
8421965United Kingdom
98%
4,5641987China
94%
1,1811970Japan
91%
6361953Canada
90%
3221963Mexico
88%
1531968Germany
86%
6082000Russia
86%
6001968Australia
84%
3721995India
79%
1701984South Korea
74%
4651979Indonesia
65%
5311984Thailand
65%
5791973Malaysia
59%
2371967Philippines
59%
2241993Poland
59%
8481971South Africa
54%
1841975Saudi Arabia
42%

Score Distribution

Percentile by Number Answered

Percent of People with Each Score

Your Score History

You have not taken this quiz